Marketing In India (Record no. 3535)

MARC details
000 -LEADER
fixed length control field 00415nam a22001697a 4500
005 - DATE AND TIME OF LATEST TRANSACTION
control field 20160622115132.0
008 - FIXED-LENGTH DATA ELEMENTS--GENERAL INFORMATION
fixed length control field 160622b xxu||||| |||| 00| 0 eng d
020 ## - INTERNATIONAL STANDARD BOOK NUMBER
ISBN 81-259-0946-X
041 ## - LANGUAGE CODE
Language code of text/sound track or separate title eng
082 ## - DEWEY DECIMAL CLASSIFICATION NUMBER
Item number 9162
100 ## - MAIN ENTRY--AUTHOR NAME
Personal name Neelamegham. S
245 ## - TITLE STATEMENT
Title Marketing In India
260 ## - PUBLICATION, DISTRIBUTION, ETC. (IMPRINT)
Place of publication New Delhi
Name of publisher Vikas Publishing House (P) Ltd.
Year of publication 2009
300 ## - PHYSICAL DESCRIPTION
Number of Pages 499
650 ## - SUBJECT ADDED ENTRY--TOPICAL TERM
Topical Term Management
942 ## - ADDED ENTRY ELEMENTS (KOHA)
Koha item type Books
Holdings
Lost status Damaged status Collection code Home library Current library Shelving location Date acquired Cost, normal purchase price Full call number Accession Number Koha item type
    MANAGEMENT JRU Library JRU Library SHELF- 68 I 22/06/2016 485.00 9162 9162 Books
    MANAGEMENT JRU Library JRU Library SHELF- 68 I 22/06/2016 485.00 9162 9163 Books
    MANAGEMENT JRU Library JRU Library SHELF- 68 I 22/06/2016 485.00 9162 9164 Books
    MANAGEMENT JRU Library JRU Library SHELF- 68 I 22/06/2016 485.00 9162 9165 Books
    MANAGEMENT JRU Library JRU Library SHELF- 68 I 22/06/2016 485.00 9162 9166 Books
    Reference JRU Library   SHELF-29-F 22/06/2016 485.00 9162 9167 Books
    MANAGEMENT JRU Library JRU Library SHELF- 68 I 22/06/2016 485.00 9162 9168 Books
    MANAGEMENT JRU Library JRU Library SHELF- 68 I 22/06/2016 485.00 9162 9169 Books
    MANAGEMENT JRU Library JRU Library SHELF- 68 I 22/06/2016 485.00 9162 9170 Books